| 000 | 00700nam a22002057a 4500 | ||
|---|---|---|---|
| 999 |
_c11078 _d11078 |
||
| 003 | AR-CdUCM | ||
| 008 | 190402b ||||| |||| 00| 0 spa d | ||
| 040 |
_aMUNICIPALIDAD PROVINCIAL DEL CUSCO _cBIBLIOTECA MUNICIPAL DEL CUSCO |
||
| 082 |
_a860.71 / _bE46 / 1957 |
||
| 100 |
_aElliott, Jorge _928214 |
||
| 245 | _aAntología critica de la nueva poesía chilena / | ||
| 260 |
_aSantiago : _bNascimiento, _c1957. |
||
| 300 |
_a318 paginas ; _c18 cm. |
||
| 505 | _aContenido : La nueva poesía chilena -- Pedro Prado -- Gabriela Mistral -- Vicente Huidobro ... | ||
| 650 |
_aPoesía _9444 |
||
| 650 |
_aChilena _925943 |
||
| 650 |
_aLatinoamericana _95799 |
||
| 942 |
_2ddc _cLIBROS |
||
| 945 | _arah | ||